Movies Quiz

Random Movies or Role Quiz

Actors Lost in Their Roles Quiz Stats

Quiz Updated Sep 30, 2015

Challenge
Share
Tweet
Embed
Score 0/22 Timer 06:00
5 Plays Today
First Names Actor % Correct
Iris, Annabelle, Jodie, Clarice, Sarah, Nell, Meg???
90.7%
Johnny, Edward, Jack, Ichabod, Gilbert, Ed, Willy???
89.5%
Billy, Nicky, Pip, Adam, Happy, Bobby, Henry???
86.6%
Lloyd, Truman, Bruce, Jim, Ace, Stanley, Andy???
84.9%
Tom, Andrew, Sherman, Ray, Viktor, Charlie, Forrest???
83.9%
Sherman, Axel, Akeem, Reggie, Pluto, Eddie, Marcus???
83.5%
Rudy, Samwise, Dave, Sean, George, Bill, Doug???
81.1%
Christopher, Alan, Hans, Eamon, Alexander, Severus, Harry???
79.7%
Morgan, Hoke, Lucius, Azeem, Red, Eddie, Nelson???
75.4%
Alex, Robert, Mike, J, Cassius, Chris, Will???
74.7%
Tony, Michael, Frank, Al, Sonny, Carlito, Shylock???
74.6%
First Names Actor % Correct
Royal, Avery, Norman, Buck, Gene, Bill, Lex???
73.2%
Jean, Hugh, Memphis, Robert, Leopold, Logan, Drover???
72.7%
Maggie, Jean, Minerva, Violet, Desdemona, Constance, Wendy???
72.1%
Ted, Derek, Greg, Ben, Alex, White, Tugg???
68.2%
Erin, Shelby, Maggie, Tess, Vivian, Julia, Kitty???
66.5%
Claus, Stacee, Jerry, Ethan, Lestat, Charlie, Tom???
65.3%
Luke, Butch, Paul, Brick, Eddie, Henry, Doc???
65%
Demetrius, Alfred, Christian, Trevor, Patrick, Dicky, Bruce???
64.9%
Brenda, Julie, Amelia, Lois, Giselle, Delysia, Amy???
61.9%
Millie, Mary, Maria, Victoria, Julie, Clarisse, Samantha???
56.5%
John, Hudson, Malcolm, Bruce, Korben, Harrison, RJ???
44.1%

You're not logged in!

Compare scores with friends on all Sporcle quizzes.
Join for Free
OR
Log In

You Might Also Like...

Show Comments

Extras

Top Quizzes Today


Score Distribution

Your Account Isn't Verified!

In order to create a playlist on Sporcle, you need to verify the email address you used during registration. Go to your Sporcle Settings to finish the process.

Report this User

Report this user for behavior that violates our Community Guidelines.

Details: